header

Earth Algebra (Record no. 258880)

MARC details
000 -LEADER
fixed length control field 00448nam a22001577a 4500
003 - CONTROL NUMBER IDENTIFIER
control field OSt
005 - DATE AND TIME OF LATEST TRANSACTION
control field 20200724104509.0
008 - FIXED-LENGTH DATA ELEMENTS--GENERAL INFORMATION
fixed length control field 200724b xxu||||| |||| 00| 0 eng d
020 ## - INTERNATIONAL STANDARD BOOK NUMBER
International Standard Book Number 0536684367
040 ## - CATALOGING SOURCE
Transcribing agency N/A
100 ## - MAIN ENTRY--PERSONAL NAME
Personal name Christopher Schaufele et al
245 ## - TITLE STATEMENT
Title Earth Algebra
Remainder of title college algebra with applications to enviromental issues
250 ## - EDITION STATEMENT
Edition statement Second Edition
260 ## - PUBLICATION, DISTRIBUTION, ETC. (IMPRINT)
Place of publication, distribution, etc Boston,MA
Name of publisher, distributor, etc Pearson custom publishing
Date of publication, distribution, etc 1999
942 ## - ADDED ENTRY ELEMENTS (KOHA)
Source of classification or shelving scheme Library of Congress Classification
Koha item type Long Loan Books
Holdings
Withdrawn status Lost status Source of classification or shelving scheme Damaged status Not for loan Collection code Home library Current library Shelving location Date acquired Total Checkouts Full call number Barcode Date last seen Price effective from Koha item type
    Library of Congress Classification     Non-fiction Rongo University Library Rongo University Library General Stacks 24/07/2020   TD885.5.C3E27 1999 201616150 24/07/2020 24/07/2020 Long Loan Books

© 2026 Rongo University
Contact us: librarian | system librarian | Rongo university